| 000 -LEADER |
| fixed length control field |
00685nam a2200229Ia 4500 |
| 001 - CONTROL NUMBER |
| control field |
8146 |
| 003 - CONTROL NUMBER IDENTIFIER |
| control field |
GE_BSU |
| 008 - FIXED-LENGTH DATA ELEMENTS--GENERAL INFORMATION |
| fixed length control field |
181216s||||||||xx |||||||||||||| ||und|| |
| 040 ## - CATALOGING SOURCE |
| Transcribing agency |
GE_BSU |
| 245 ## - TITLE STATEMENT |
| Title |
Государство и право. №9. Сентябрь 2013. |
| 245 ## - TITLE STATEMENT |
| Remainder of title |
Сентябрь, 2013 |
| 245 ## - TITLE STATEMENT |
| Statement of responsibility, etc. |
Гл. ред. А.С.Автономов |
| 260 ## - PUBLICATION, DISTRIBUTION, ETC. |
| Place of publication, distribution, etc. |
Москва |
| 260 ## - PUBLICATION, DISTRIBUTION, ETC. |
| Name of publisher, distributor, etc. |
Наука |
| 260 ## - PUBLICATION, DISTRIBUTION, ETC. |
| Date of publication, distribution, etc. |
2013 |
| 300 ## - PHYSICAL DESCRIPTION |
| Extent |
128ст;29см. |
| 520 ## - SUMMARY, ETC. |
| Summary, etc. |
Выходит 12 раз в год |
| 653 ## - INDEX TERM--UNCONTROLLED |
| Uncontrolled term |
Государство и право. №9. Сентябрь 2013. |
| 653 ## - INDEX TERM--UNCONTROLLED |
| Uncontrolled term |
Периодика |
| 653 ## - INDEX TERM--UNCONTROLLED |
| Uncontrolled term |
პერიოდიკა |
| 942 ## - ADDED ENTRY ELEMENTS (KOHA) |
| Koha item type |
პერიოდიკა |